000 00584nam a2200157 a 4500
001 000032479
005 20200930065648.0
008 110718s1937 dr c 000 0 spa d
040 _aDO-SdBNP
_bspa
_cBNPHU
082 _axxxx
_bH765m
245 0 0 _aHomenaje a la matrona excelsa doña Julia Molina Vda. Trujillo Valdez.
260 _aCiudad Trujillo, República Dominicana :
_bTipografía Cambier,
_c1937.
300 _a25 p. :
_bretr. ;
_c23 cm.
500 _aConferencia por radio pronunciada por el licenciado Arturo Logroño el día de las madres 26 de mayo de 1928
049 _aBNPD
999 _c31970
_d31970